موسوعة الطب النفسى الكتاب الجامع فى الاضطرابات النفسية طرق علاجها نفسيا(2 مج ) / (Record no. 59470)
[ view plain ]
| 000 -الفاتح | |
|---|---|
| حقل البيانات ثابتة الطول | 01018nam a2200265Ia 4500 |
| 008 - عناصر البيانات ثابتة الطول - معلومات عامة | |
| حقل البيانات ثابتة الطول | 140319s9999 xx 000 0 ara d |
| 040 ## - مصدر الفهرسة | |
| وكالة الفهرسة الأصلية | GCL / |
| وكالة النسخ | GCL |
| 082 04 - رقم تصنيف ديوى العشرى | |
| رقم التصنيف | م |
| رقم المادة | 616.0803 |
| -- | ع م |
| 100 1# - المدخل الرئيسى - إسم شخصى | |
| الإسم الشخصى | عبدالمنعم الحفنى |
| 245 10 - بيان العنوان | |
| العنوان | موسوعة الطب النفسى الكتاب الجامع فى الاضطرابات النفسية طرق علاجها نفسيا(2 مج ) / |
| بيان المسئوليه,etc | عبدالمنعم الحفنى |
| 260 ## - PUBLICATION, DISTRIBUTION, ETC. (IMPRINT) | |
| تاريخ النشر أو التوزيع | 1992 |
| 300 ## - الوصف المادى | |
| التعداد | متعدد |
| 490 ## - بيان السلسلة | |
| عنوان السلسلة | ماذا اعرف |
| رقم المجلد/ التعيين التسلسلي | 0 |
| 650 04 - المدخل الاضافى بالموضوع-مصطلح موضوعى | |
| مصطلح موضوعي | علم النفس |
| 650 04 - المدخل الاضافى بالموضوع-مصطلح موضوعى | |
| مصطلح موضوعي | علم النفس التربوى |
| 650 04 - المدخل الاضافى بالموضوع-مصطلح موضوعى | |
| مصطلح موضوعي | الدوافع النفسية |
| 650 04 - المدخل الاضافى بالموضوع-مصطلح موضوعى | |
| مصطلح موضوعي | الطب النفسى |
| 650 04 - المدخل الاضافى بالموضوع-مصطلح موضوعى | |
| مصطلح موضوعي | علم النفس العلاجى |
| 650 04 - المدخل الاضافى بالموضوع-مصطلح موضوعى | |
| مصطلح موضوعي | علم النفس الاجتماعى |
| 650 04 - المدخل الاضافى بالموضوع-مصطلح موضوعى | |
| مصطلح موضوعي | علم النفس التجريبى |
| 650 04 - المدخل الاضافى بالموضوع-مصطلح موضوعى | |
| مصطلح موضوعي | الطب النفسى - موسوعات |
| 650 04 - المدخل الاضافى بالموضوع-مصطلح موضوعى | |
| مصطلح موضوعي | الطب النفسى - دوائر معارف |
| 942 ## - عناصر المدخل الإضافي( كوها) | |
| مصدر التصنيف او مخطط الترفيف | Dewey Decimal Classification |
| Koha [default] item type | المراجع |
| 260 ## - PUBLICATION, DISTRIBUTION, ETC. (IMPRINT) | |
| -- | [S.N] : |
| -- | مكتبة مدبولى ، |
| حالة التراجع | حالة الفقد | حالة تلف | ليس للاعارة | المكان المؤقت | الموقع الحالى | تاريخ الاكتساب | اجمالي اﻻعارات | رقم الطلب | الباركود | تاريخ اخر مشاهدة | تاريخ تفعيل السعر | نوع وعاء كوها |
|---|---|---|---|---|---|---|---|---|---|---|---|---|
| مكتبة القاهرة الكبرى | مكتبة القاهرة الكبرى | 03/26/2014 | م\616.0803\ع م | 155501 | 03/26/2014 | 03/26/2014 | المراجع | |||||
| مكتبة القاهرة الكبرى | مكتبة القاهرة الكبرى | 03/26/2014 | م\616.0803\ع م | 155502 | 03/26/2014 | 03/26/2014 | المراجع | |||||
| مكتبة القاهرة الكبرى | مكتبة القاهرة الكبرى | 03/26/2014 | م\616.0803\ع م | 155503 | 03/26/2014 | 03/26/2014 | المراجع | |||||
| مكتبة القاهرة الكبرى | مكتبة القاهرة الكبرى | 03/26/2014 | م\616.0803\ع م | 155504 | 03/26/2014 | 03/26/2014 | المراجع |

